100 Largest US Cities - P - Statistics

General Stats
  • This quiz has been taken 365 times
  • The average score is 30 of 100
Answer Stats
Rank Population City % Correct
2 1,585,010 Philadelphia, PA
97%
36 65,835 Portland, ME
94%
3 662,549 Portland, OR
94%
1 1,733,630 Phoenix, AZ
93%
30 72,864 Pittsburg, CA
90%
5 285,537 Plano, TX
72%
4 299,718 Pittsburgh, PA
69%
14 141,275 Pasadena, CA
68%
12 148,215 Pasadena, TX
68%
8 180,609 Providence, RI
66%
7 183,357 Peoria, AZ
64%
20 108,353 Peoria, IL
64%
23 93,694 Portsmouth, VA
64%
17 116,594 Provo, UT
59%
99 22,882 Patterson, CA
58%
25 80,614 Plymouth, MN
57%
6 215,922 Port St. Lucie, FL
55%
10 152,921 Palmdale, CA
50%
13 144,511 Paterson, NJ
50%
11 151,223 Pomona, CA
50%
38 61,492 Parker, CO
49%
46 53,651 Pensacola, FL
49%
79 31,021 Princeton, NJ
47%
18 113,633 Pueblo, CO
45%
55 48,844 Palm Springs, CA
44%
91 25,680 Palm Springs, FL
44%
93 24,905 Paris, TX
44%
89 26,778 Pearl, MS
44%
77 31,926 Petersburg, VA
43%
9 176,823 Pembroke Pines, FL
42%
81 29,787 Panama City, FL
38%
37 63,576 Palo Alto, CA
36%
29 77,065 Parma, OH
35%
15 124,532 Pearland, TX
35%
19 113,082 Pompano Beach, FL
35%
16 118,948 Palm Bay, FL
32%
31 72,405 Pawtucket, RI
32%
80 30,669 Poughkeepsie, NY
32%
86 28,612 Parkersburg, WV
30%
58 46,331 Prescott, AZ
30%
43 57,947 Pocatello, ID
27%
59 44,756 Plainfield, IL
26%
70 37,173 Plainfield, IN
26%
53 50,091 Plainfield, NJ
26%
32 69,245 Passaic, NJ
25%
64 39,804 Pine Bluff, AR
25%
73 36,544 Parkland, FL
24%
24 80,617 Pleasanton, CA
23%
42 58,832 Pontiac, MI
23%
94 24,863 Paducah, KY
22%
21 95,702 Plantation, FL
22%
49 53,062 Port Arthur, TX
22%
22 94,080 Palm Coast, FL
21%
28 77,326 Pasco, WA
21%
75 35,632 Pullman, WA
20%
47 53,567 Palm Desert, CA
18%
62 41,344 Pittsfield, MA
18%
40 59,427 Porterville, CA
18%
87 28,509 Port Huron, MI
18%
68 37,322 Portage, IN
17%
54 49,975 Portage, MI
17%
26 80,067 Perris, CA
15%
44 57,908 Petaluma, CA
14%
34 66,562 Palatine, IL
13%
27 79,486 Pharr, TX
13%
57 48,139 Prescott Valley, AZ
13%
50 53,026 Peabody, MA
12%
33 67,796 Pflugerville, TX
12%
71 36,617 Phenix City, AL
12%
48 53,347 Paramount, CA
11%
74 36,496 Park Ridge, IL
11%
69 37,275 Peachtree City, GA
11%
96 24,343 Pelham, AL
11%
100 22,504 Pottstown, PA
11%
61 43,379 Puyallup, WA
11%
41 59,098 Palm Beach Gardens, FL
10%
90 25,884 Paramus, NJ
10%
78 31,633 Pekin, IL
10%
51 50,816 Perth Amboy, NJ
10%
45 54,597 Pinellas Park, FL
10%
52 50,623 Placentia, CA
10%
98 23,186 Ponca City, OK
10%
56 48,817 Poway, CA
10%
66 38,130 Pacifica, CA
9%
63 40,210 Plant City, FL
9%
76 34,739 Pleasant Hill, CA
9%
92 25,225 Palmetto Bay, FL
8%
95 24,511 Peekskill, NY
8%
35 66,416 Port Orange, FL
8%
82 29,148 Paragould, AR
7%
67 37,970 Pleasant Grove, UT
7%
65 39,452 Post Falls, ID
7%
60 44,701 Peachtree Corners, GA
6%
39 60,727 Pico Rivera, CA
6%
84 28,994 Pooler, GA
6%
85 28,887 Port Chester, NY
6%
72 36,587 Prattville, AL
6%
83 29,137 Prosper, TX
6%
97 24,022 Pickerington, OH
4%
88 27,985 Prior Lake, MN
2%
No matching quizzes found
Score Distribution
Percent of People with Each Score
Percentile by Number Answered
Your Score History
You have not taken this quiz